Datum a čas kvízu
24
Celkem bodů
Celkový počet nahraných bodů na tomto kvízu bez doplňovacích otázek.
7.
Pořadí na kvízu
Konečné umístění týmu na tomto kvízu.
Zaznamenané odpovědi
| # | Otázka | Odpověď | Body | Výsledky |
|---|---|---|---|---|
| 1. | Minulý týden zaplnily internet... | A | 1 | |
| 2. | V úterý přijali europoslanci p... | USB-C, 2024 | 1 | |
| 3. | Minulý týden proběhlo internet... | Bílý balet | 1 | |
| 4. | Zrekonstruovaný železniční mos... | Šlechtična | 1 | |
| 5. | Minulý týden hostila pražská O... | San Jose Sharks, Nashville Predators | 1 | |
| 6. | Podívejme se nejprve na velblo... | C | 0 | |
| 7. | Přiřaďte správné výrazy k jeji... | 1A 2C 3B 4D | 0 | |
| 8. | České slovo velbloud ukazuje,... | C | 0 | |
| 9. | Tři veteráni jsou pohádková kl... | Rudolf Hrušínský | 1 | |
| 10. | Velblouda dostala Plzeň do zna... | Jan Čapek ze Sán | 0 |